000 00454nam a2200169 a 4500
001 0000-9052
003 ELIB.Books
008 110520 1960
035 _a(ELIB.Books)0000-9201
082 _a225.7
_bHew
100 _aHewitt, Thomas
245 _aTyndale (The Epistle to the Hebrews)
260 _bGrand Rapids: Wm. B. Eerdmans Publishing Co.
_c1960
650 _aCommentaries
942 _2ddc
_cBK
998 _cbat
_e2011-05-20
999 _c9052
_d9052